LEADER 01620nlm0 2200361 450 001 000037542 005 20250318124319.0 010 $a978-88-351-3939-3$beBook-PDF 100 $a20231030d2022----km-y0itay50------ba 101 0 $aita 102 $aIT 105 $a--------001cy 106 $as 135 $adoug----uuuuu 200 1 $a<>regolazione affettiva tra funzionamento somatopsichico e psicosomatico$brisorsa elettronica$euna prospettiva psicodinamica del rapporto corpo-mente$fIvano Frattini$gprefazione di Riccardo Marco Scognamiglio$gpostfazione di Roberto Boccalon 210 $aMilano$cAngeli$d2022 215 $a1 testo elettronico (364 p.) 225 2 $aPsicologia$v440 230 $aTesto elettronico 327 1 $aIndice del libro free access:$uhttp://digital.casalini.it/9788835139393 410 0$12001$aPsicologia$v440 500 10$a<>regolazione affettiva tra funzionamento somatopsichico e psicosomatico$94335493 610 1 $aAffettivitą$aDisturbi$aPsicoterapia psicodinamica 676 $a616.8914$v23$9DISTURBI MENTALI. PSICOTERAPIA 700 1$aFrattini,$bIvano$4070$01638500 702 1$aScognamiglio,$bRiccardo Marco$4080 702 1$aBoccalon,$bRoberto$4075 801 0$aIT$bUNIPARTHENOPE$c20250318$gREICAT$2UNIMARC 856 4 $aData ultima consultazione: 18-03-2025$uhttp://digital.casalini.it/9788835139393$zAccesso limitato alla rete di Ateneo Universitą di Napoli "Parthenope" 912 $a000037542 951 $aEBOOK$b49891$cNAVA1$d2025 996 $aRegolazione affettiva tra funzionamento somatopsichico e psicosomatico$94335493 997 $aUNIPARTHENOPE